<?xml version="1.0" encoding="UTF-8"?>
<record
    xmlns:xsi="http://www.w3.org/2001/XMLSchema-instance"
    xsi:schemaLocation="http://www.loc.gov/MARC21/slim http://www.loc.gov/standards/marcxml/schema/MARC21slim.xsd"
    xmlns="http://www.loc.gov/MARC21/slim">

  <leader>00357nam a2200145Ia 4500</leader>
  <controlfield tag="008">191201s2009    xx            000 0 und d</controlfield>
  <datafield tag="082" ind1=" " ind2=" ">
    <subfield code="a">510</subfield>
    <subfield code="b">BAT</subfield>
  </datafield>
  <datafield tag="100" ind1=" " ind2=" ">
    <subfield code="a">BALI, N P</subfield>
  </datafield>
  <datafield tag="245" ind1=" " ind2="0">
    <subfield code="a">Textbook of Engineering Mathematics Ist Sem.</subfield>
  </datafield>
  <datafield tag="250" ind1=" " ind2=" ">
    <subfield code="a">Rep.</subfield>
  </datafield>
  <datafield tag="260" ind1=" " ind2=" ">
    <subfield code="a">N.Delhi</subfield>
    <subfield code="b">Laxmi Publications</subfield>
    <subfield code="c">2009</subfield>
  </datafield>
  <datafield tag="300" ind1=" " ind2=" ">
    <subfield code="a">373</subfield>
  </datafield>
  <datafield tag="650" ind1=" " ind2=" ">
    <subfield code="a">Applied</subfield>
  </datafield>
  <datafield tag="942" ind1=" " ind2=" ">
    <subfield code="2">ddc</subfield>
    <subfield code="c">BK</subfield>
  </datafield>
  <datafield tag="999" ind1=" " ind2=" ">
    <subfield code="c">4099</subfield>
    <subfield code="d">4099</subfield>
  </datafield>
  <datafield tag="952" ind1=" " ind2=" ">
    <subfield code="0">0</subfield>
    <subfield code="1">0</subfield>
    <subfield code="2">ddc</subfield>
    <subfield code="4">0</subfield>
    <subfield code="7">0</subfield>
    <subfield code="8">APPLIED</subfield>
    <subfield code="a">PIET</subfield>
    <subfield code="b">PIET</subfield>
    <subfield code="d">2008-12-27</subfield>
    <subfield code="e">J B C, New Delhi</subfield>
    <subfield code="g">175.00</subfield>
    <subfield code="k">SI2135</subfield>
    <subfield code="l">17</subfield>
    <subfield code="o">510 BAT</subfield>
    <subfield code="p">13568</subfield>
    <subfield code="q">2026-06-09</subfield>
    <subfield code="r">2026-05-26 12:02:08</subfield>
    <subfield code="s">2026-05-26</subfield>
    <subfield code="w">2009-08-12</subfield>
    <subfield code="y">BK</subfield>
  </datafield>
  <datafield tag="952" ind1=" " ind2=" ">
    <subfield code="0">0</subfield>
    <subfield code="1">0</subfield>
    <subfield code="2">ddc</subfield>
    <subfield code="4">0</subfield>
    <subfield code="7">0</subfield>
    <subfield code="8">APPLIED</subfield>
    <subfield code="a">PIET</subfield>
    <subfield code="b">PIET</subfield>
    <subfield code="d">2008-12-27</subfield>
    <subfield code="e">J B C, New Delhi</subfield>
    <subfield code="g">175.00</subfield>
    <subfield code="k">SI2135</subfield>
    <subfield code="l">20</subfield>
    <subfield code="o">510 BAT</subfield>
    <subfield code="p">13569</subfield>
    <subfield code="r">2025-12-22 00:00:00</subfield>
    <subfield code="s">2025-12-10</subfield>
    <subfield code="w">2009-08-12</subfield>
    <subfield code="y">BK</subfield>
  </datafield>
  <datafield tag="952" ind1=" " ind2=" ">
    <subfield code="0">0</subfield>
    <subfield code="1">0</subfield>
    <subfield code="2">ddc</subfield>
    <subfield code="4">0</subfield>
    <subfield code="7">0</subfield>
    <subfield code="8">APPLIED</subfield>
    <subfield code="a">PIET</subfield>
    <subfield code="b">PIET</subfield>
    <subfield code="d">2008-12-27</subfield>
    <subfield code="e">J B C, New Delhi</subfield>
    <subfield code="g">175.00</subfield>
    <subfield code="k">SI2135</subfield>
    <subfield code="l">10</subfield>
    <subfield code="o">510 BAT</subfield>
    <subfield code="p">13570</subfield>
    <subfield code="r">2025-01-23 00:00:00</subfield>
    <subfield code="s">2025-01-11</subfield>
    <subfield code="w">2009-08-12</subfield>
    <subfield code="y">BK</subfield>
  </datafield>
  <datafield tag="952" ind1=" " ind2=" ">
    <subfield code="0">0</subfield>
    <subfield code="1">0</subfield>
    <subfield code="2">ddc</subfield>
    <subfield code="4">0</subfield>
    <subfield code="7">0</subfield>
    <subfield code="8">APPLIED</subfield>
    <subfield code="a">PIET</subfield>
    <subfield code="b">PIET</subfield>
    <subfield code="d">2008-12-27</subfield>
    <subfield code="e">J B C, New Delhi</subfield>
    <subfield code="g">175.00</subfield>
    <subfield code="k">SI2135</subfield>
    <subfield code="l">10</subfield>
    <subfield code="o">510 BAT</subfield>
    <subfield code="p">13571</subfield>
    <subfield code="r">2026-01-06 00:00:00</subfield>
    <subfield code="s">2025-12-29</subfield>
    <subfield code="w">2009-08-12</subfield>
    <subfield code="y">BK</subfield>
  </datafield>
  <datafield tag="952" ind1=" " ind2=" ">
    <subfield code="0">0</subfield>
    <subfield code="1">0</subfield>
    <subfield code="2">ddc</subfield>
    <subfield code="4">0</subfield>
    <subfield code="7">0</subfield>
    <subfield code="8">APPLIED</subfield>
    <subfield code="a">PIET</subfield>
    <subfield code="b">PIET</subfield>
    <subfield code="d">2008-12-27</subfield>
    <subfield code="e">J B C, New Delhi</subfield>
    <subfield code="g">175.00</subfield>
    <subfield code="k">SI2135</subfield>
    <subfield code="l">22</subfield>
    <subfield code="o">510 BAT</subfield>
    <subfield code="p">13572</subfield>
    <subfield code="r">2025-12-27 00:00:00</subfield>
    <subfield code="s">2025-12-11</subfield>
    <subfield code="w">2009-08-12</subfield>
    <subfield code="y">BK</subfield>
  </datafield>
  <datafield tag="952" ind1=" " ind2=" ">
    <subfield code="0">0</subfield>
    <subfield code="1">0</subfield>
    <subfield code="2">ddc</subfield>
    <subfield code="4">0</subfield>
    <subfield code="7">0</subfield>
    <subfield code="8">APPLIED</subfield>
    <subfield code="a">PIET</subfield>
    <subfield code="b">PIET</subfield>
    <subfield code="d">2008-12-27</subfield>
    <subfield code="e">J B C, New Delhi</subfield>
    <subfield code="g">175.00</subfield>
    <subfield code="k">SI2135</subfield>
    <subfield code="l">18</subfield>
    <subfield code="o">510 BAT</subfield>
    <subfield code="p">13573</subfield>
    <subfield code="r">2024-12-27 00:00:00</subfield>
    <subfield code="s">2024-12-10</subfield>
    <subfield code="w">2009-08-12</subfield>
    <subfield code="y">BK</subfield>
  </datafield>
  <datafield tag="952" ind1=" " ind2=" ">
    <subfield code="0">0</subfield>
    <subfield code="1">0</subfield>
    <subfield code="2">ddc</subfield>
    <subfield code="4">0</subfield>
    <subfield code="7">0</subfield>
    <subfield code="8">APPLIED</subfield>
    <subfield code="a">PIET</subfield>
    <subfield code="b">PIET</subfield>
    <subfield code="d">2008-12-27</subfield>
    <subfield code="e">J B C, New Delhi</subfield>
    <subfield code="g">175.00</subfield>
    <subfield code="k">SI2135</subfield>
    <subfield code="l">0</subfield>
    <subfield code="o">510 BAT</subfield>
    <subfield code="p">13574</subfield>
    <subfield code="r">2019-12-04 00:00:00</subfield>
    <subfield code="w">2009-08-12</subfield>
    <subfield code="y">REF</subfield>
  </datafield>
  <datafield tag="952" ind1=" " ind2=" ">
    <subfield code="0">0</subfield>
    <subfield code="1">0</subfield>
    <subfield code="2">ddc</subfield>
    <subfield code="4">0</subfield>
    <subfield code="7">0</subfield>
    <subfield code="8">APPLIED</subfield>
    <subfield code="a">PIET</subfield>
    <subfield code="b">PIET</subfield>
    <subfield code="d">2008-12-27</subfield>
    <subfield code="e">J B C, New Delhi</subfield>
    <subfield code="g">175.00</subfield>
    <subfield code="k">SI2135</subfield>
    <subfield code="l">21</subfield>
    <subfield code="o">510 BAT</subfield>
    <subfield code="p">13575</subfield>
    <subfield code="r">2026-04-22 16:05:01</subfield>
    <subfield code="s">2026-04-06</subfield>
    <subfield code="w">2009-08-12</subfield>
    <subfield code="y">BK</subfield>
  </datafield>
  <datafield tag="952" ind1=" " ind2=" ">
    <subfield code="0">0</subfield>
    <subfield code="1">0</subfield>
    <subfield code="2">ddc</subfield>
    <subfield code="4">0</subfield>
    <subfield code="7">0</subfield>
    <subfield code="8">APPLIED</subfield>
    <subfield code="a">PIET</subfield>
    <subfield code="b">PIET</subfield>
    <subfield code="d">2008-12-27</subfield>
    <subfield code="e">J B C, New Delhi</subfield>
    <subfield code="g">175.00</subfield>
    <subfield code="k">SI2135</subfield>
    <subfield code="l">26</subfield>
    <subfield code="o">510 BAT</subfield>
    <subfield code="p">13576</subfield>
    <subfield code="r">2025-12-19 00:00:00</subfield>
    <subfield code="s">2025-12-04</subfield>
    <subfield code="w">2009-08-12</subfield>
    <subfield code="y">BK</subfield>
  </datafield>
  <datafield tag="952" ind1=" " ind2=" ">
    <subfield code="0">0</subfield>
    <subfield code="1">0</subfield>
    <subfield code="2">ddc</subfield>
    <subfield code="4">0</subfield>
    <subfield code="7">0</subfield>
    <subfield code="8">APPLIED</subfield>
    <subfield code="a">PIET</subfield>
    <subfield code="b">PIET</subfield>
    <subfield code="d">2008-12-27</subfield>
    <subfield code="e">J B C, New Delhi</subfield>
    <subfield code="g">175.00</subfield>
    <subfield code="k">SI2135</subfield>
    <subfield code="l">16</subfield>
    <subfield code="o">510 BAT</subfield>
    <subfield code="p">13577</subfield>
    <subfield code="r">2025-12-22 00:00:00</subfield>
    <subfield code="s">2025-12-18</subfield>
    <subfield code="w">2009-08-12</subfield>
    <subfield code="y">BK</subfield>
  </datafield>
</record>
